[Event "Blitz 2018"]
[Site "Saint-Petersburg"]
[Date "2018.12.29"]
[Round "6"]
[Board "47"]
[White "Garcia Martin Marta (ESP)"]
[Black "Sudakova Irina (RUS)"]
[Result "1-0"]
[BlackElo "2249"]
[WhiteElo "2134"]
[LiveChessVersion "1.4.8"]

1. e4 {[%clk 0:03:02]} c5 {[%clk 0:03:03]} 2. Nf3 {[%clk 0:03:02]} d6
{[%clk 0:03:04]} 3. d4 {[%clk 0:03:00]} Nf6 {[%clk 0:03:04]} 4. Nc3
{[%clk 0:02:53]} cxd4 {[%clk 0:03:05]} 5. Nxd4 {[%clk 0:02:54]} Nc6
{[%clk 0:03:06]} 6. Bg5 {[%clk 0:02:42]} e6 {[%clk 0:03:06]} 7. Qd2
{[%clk 0:02:39]} a6 {[%clk 0:03:07]} 8. Nxc6 {[%clk 0:02:35]} bxc6
{[%clk 0:03:07]} 9. Bc4 {[%clk 0:02:35]} d5 {[%clk 0:02:48]} 10. Bb3
{[%clk 0:02:16]} Be7 {[%clk 0:02:46]} 11. O-O-O {[%clk 0:01:53]} h6
{[%clk 0:02:20]} 12. Bf4 {[%clk 0:01:18]} O-O {[%clk 0:01:53]} 13. Kb1
{[%clk 0:01:19]} a5 {[%clk 0:01:37]} 14. Ba4 {[%clk 0:00:53]} Qb6
{[%clk 0:01:07]} 15. Rhe1 {[%clk 0:00:28]} Bb4 {[%clk 0:00:46]} 16. f3
{[%clk 0:00:27]} c5 {[%clk 0:00:35]} 17. exd5 {[%clk 0:00:22]} exd5
{[%clk 0:00:26]} 18. Nxd5 {[%clk 0:00:17]} Nxd5 {[%clk 0:00:22]} 19. Qxd5
{[%clk 0:00:18]} Bb7 {[%clk 0:00:23]} 20. Qd6 {[%clk 0:00:17]} Qxd6
{[%clk 0:00:18]} 21. Bxd6 {[%clk 0:00:17]} Rfd8 {[%clk 0:00:16]} 22. Rg1
{[%clk 0:00:14]} c4 {[%clk 0:00:18]} 23. Bxb4 {[%clk 0:00:11]} axb4
{[%clk 0:00:19]} 24. Bb5 {[%clk 0:00:12]} c3 {[%clk 0:00:19]} 25. Bc4
{[%clk 0:00:10]} Rac8 {[%clk 0:00:18]} 26. Bb3 {[%clk 0:00:11]} Ba6
{[%clk 0:00:18]} 27. Kc1 {[%clk 0:00:10]} Be2 {[%clk 0:00:18]} 28. Rxd8+
{[%clk 0:00:10]} Rxd8 {[%clk 0:00:19]} 29. a3 {[%clk 0:00:07]} bxa3
{[%clk 0:00:18]} 30. bxc3 {[%clk 0:00:06]} Rc8 {[%clk 0:00:19]} 31. Kd2
{[%clk 0:00:07]} Bc4 {[%clk 0:00:17]} 32. Ra1 {[%clk 0:00:07]} Rd8+
{[%clk 0:00:16]} 33. Ke3 {[%clk 0:00:08]} Bb5 {[%clk 0:00:12]} 34. Rxa3
{[%clk 0:00:08]} Re8+ {[%clk 0:00:08]} 35. Kf2 {[%clk 0:00:07]} Re2+
{[%clk 0:00:09]} 36. Kg3 {[%clk 0:00:09]} Rd2 {[%clk 0:00:08]} 37. c4
{[%clk 0:00:08]} Bc6 {[%clk 0:00:07]} 38. Ra6 {[%clk 0:00:08]} Bd7
{[%clk 0:00:08]} 39. c5 {[%clk 0:00:06]} Bb5 {[%clk 0:00:09]} 40. Ra7
{[%clk 0:00:06]} Bf1 {[%clk 0:00:09]} 41. Bxf7+ {[%clk 0:00:06]} Kh7
{[%clk 0:00:10]} 42. Kf4 {[%clk 0:00:06]} Rxc2 {[%clk 0:00:10]} 43. Be6
{[%clk 0:00:05]} Rxc5 {[%clk 0:00:10]} 44. Bf5+ {[%clk 0:00:06]} Kg8
{[%clk 0:00:11]} 45. g4 {[%clk 0:00:06]} Rc6 {[%clk 0:00:11]} 46. Ra8+
{[%clk 0:00:06]} Kf7 {[%clk 0:00:12]} 47. Ra7+ {[%clk 0:00:07]} Kf6
{[%clk 0:00:13]} 48. h4 {[%clk 0:00:04]} g5+ {[%clk 0:00:14]} 49. hxg5+
{[%clk 0:00:05]} hxg5+ {[%clk 0:00:15]} 50. Ke3 {[%clk 0:00:05]} Rc3+
{[%clk 0:00:16]} 51. Kf2 {[%clk 0:00:05]} Bc4 {[%clk 0:00:16]} 52. Rc7
{[%clk 0:00:05]} Ke5 {[%clk 0:00:15]} 53. Kg3 {[%clk 0:00:04]} Kd4
{[%clk 0:00:15]} 54. Be4 {[%clk 0:00:05]} Be2 {[%clk 0:00:14]} 55. Rg7
{[%clk 0:00:05]} Bd3 {[%clk 0:00:14]} 56. Bxd3 Kxd3 {[%clk 0:00:15]} 57. Rxg5
{[%clk 0:00:06]} Ke2 {[%clk 0:00:16]} 58. Rf5 {[%clk 0:00:07]} Rc1
{[%clk 0:00:17]} 59. g5 {[%clk 0:00:08]} Rg1+ {[%clk 0:00:18]} 60. Kf4
{[%clk 0:00:09]} Kf2 {[%clk 0:00:18]} 61. Ke5 {[%clk 0:00:09]} Ke3
{[%clk 0:00:18]} 62. Kf6 {[%clk 0:00:10]} Ra1 {[%clk 0:00:19]} 63. g6
{[%clk 0:00:10]} Ra6+ {[%clk 0:00:20]} 64. Kg5 {[%clk 0:00:11]} Ra1
{[%clk 0:00:21]} 65. g7 {[%clk 0:00:12]} Rg1+ {[%clk 0:00:22]} 66. Kf6
{[%clk 0:00:13]} Ke4 1-0

[Event "Blitz 2018"]
[Site "Saint-Petersburg"]
[Date "2018.12.29"]
[Round "6"]
[Board "49"]
[White "Tomilova Elena (RUS)"]
[Black "Utiatskaja Irina (RUS)"]
[Result "1/2-1/2"]
[BlackElo "1918"]
[WhiteElo "2202"]
[LiveChessVersion "1.4.8"]

1. c4 {[%clk 0:03:03]} g6 {[%clk 0:03:02]} 2. g3 {[%clk 0:03:04]} Bg7
{[%clk 0:03:03]} 3. Bg2 {[%clk 0:03:05]} Nf6 {[%clk 0:02:50]} 4. Nc3
{[%clk 0:03:05]} O-O {[%clk 0:02:51]} 5. e3 {[%clk 0:03:04]} e5 {[%clk 0:02:45]}
6. Nge2 {[%clk 0:03:02]} d6 {[%clk 0:02:45]} 7. O-O {[%clk 0:03:01]} Nc6
{[%clk 0:02:46]} 8. d3 {[%clk 0:02:58]} Re8 {[%clk 0:02:47]} 9. Nd5
{[%clk 0:02:56]} Ne7 {[%clk 0:02:42]} 10. Rb1 {[%clk 0:02:53]} c6
{[%clk 0:02:43]} 11. Nxf6+ {[%clk 0:02:53]} Bxf6 {[%clk 0:02:44]} 12. b4
{[%clk 0:02:53]} Bg7 {[%clk 0:02:40]} 13. b5 {[%clk 0:02:50]} Bg4
{[%clk 0:02:23]} 14. h3 {[%clk 0:02:47]} Be6 {[%clk 0:02:23]} 15. Qa4
{[%clk 0:02:41]} Qd7 {[%clk 0:02:22]} 16. Kh2 {[%clk 0:02:41]} c5
{[%clk 0:02:16]} 17. Nc3 {[%clk 0:02:34]} d5 {[%clk 0:02:09]} 18. cxd5
{[%clk 0:02:26]} Nxd5 {[%clk 0:02:09]} 19. Ne4 {[%clk 0:02:23]} b6
{[%clk 0:02:02]} 20. Bb2 {[%clk 0:02:10]} Rad8 {[%clk 0:01:58]} 21. Ng5
{[%clk 0:02:07]} h6 {[%clk 0:01:48]} 22. Nxe6 {[%clk 0:02:05]} Rxe6
{[%clk 0:01:48]} 23. Rfd1 {[%clk 0:01:46]} Rd6 {[%clk 0:01:43]} 24. d4
{[%clk 0:01:36]} exd4 {[%clk 0:01:40]} 25. exd4 {[%clk 0:01:37]} Ne7
{[%clk 0:01:23]} 26. d5 {[%clk 0:01:14]} Bxb2 {[%clk 0:01:22]} 27. Rxb2
{[%clk 0:01:16]} Qc7 {[%clk 0:00:50]} 28. Qf4 {[%clk 0:01:11]} Nf5
{[%clk 0:00:39]} 29. Kg1 {[%clk 0:01:04]} Kg7 {[%clk 0:00:39]} 30. Re2
{[%clk 0:00:58]} Nd4 {[%clk 0:00:37]} 31. Re3 {[%clk 0:00:52]} Qd7
{[%clk 0:00:31]} 32. Rxd4 cxd4 33. Qxd4+ {[%clk 0:00:45]} Kg8 {[%clk 0:00:32]}
34. Qf4 {[%clk 0:00:44]} Qxb5 {[%clk 0:00:28]} 35. Qxh6 {[%clk 0:00:43]} Qb1+
{[%clk 0:00:27]} 36. Kh2 {[%clk 0:00:44]} Qb2 {[%clk 0:00:16]} 37. Rf3
{[%clk 0:00:40]} Rxd5 {[%clk 0:00:13]} 38. Qf4 {[%clk 0:00:36]} Rf5
{[%clk 0:00:14]} 39. Qc7 {[%clk 0:00:36]} Rdd5 {[%clk 0:00:10]} 40. Qc8+
{[%clk 0:00:09]} Kh7 {[%clk 0:00:11]} 41. Qe8 {[%clk 0:00:07]} Rxf3
{[%clk 0:00:11]} 42. Bxf3 {[%clk 0:00:09]} Rf5 {[%clk 0:00:12]} 43. Qe4
{[%clk 0:00:06]} Qxf2+ {[%clk 0:00:12]} 44. Bg2 {[%clk 0:00:08]} Qb2
{[%clk 0:00:09]} 45. Qh4+ {[%clk 0:00:08]} Kg7 {[%clk 0:00:10]} 46. Qe7
{[%clk 0:00:09]} Rf2 {[%clk 0:00:11]} 47. Qb7 {[%clk 0:00:10]} Rxg2+
{[%clk 0:00:11]} 48. Qxg2 {[%clk 0:00:11]} Qxg2+ 49. Kxg2 {[%clk 0:00:12]} Kf6
50. Kf3 Kf5 {[%clk 0:00:13]} 51. g4+ {[%clk 0:00:14]} Ke5 {[%clk 0:00:12]} 52. h4
{[%clk 0:00:15]} a5 {[%clk 0:00:10]} 53. a4 {[%clk 0:00:16]} Kf6 {[%clk 0:00:11]}
54. Kf4 {[%clk 0:00:17]} Ke6 {[%clk 0:00:11]} 55. Ke4 {[%clk 0:00:18]} f6
{[%clk 0:00:12]} 56. Kf4 {[%clk 0:00:18]} Kd6 {[%clk 0:00:12]} 57. Ke4
{[%clk 0:00:19]} Ke6 {[%clk 0:00:11]} 58. Kf4 {[%clk 0:00:20]} Kf7
{[%clk 0:00:12]} 59. Ke4 {[%clk 0:00:21]} Ke6 {[%clk 0:00:09]} 60. Kf4
{[%clk 0:00:22]} Kd6 {[%clk 0:00:07]} 61. Ke4 {[%clk 0:00:25]} Ke5+
{[%clk 0:03:02]} 1/2-1/2

[Event "Blitz 2018"]
[Site "Saint-Petersburg"]
[Date "2018.12.29"]
[Round "6"]
[Board "52"]
[White "Geller Anastasiya (RUS)"]
[Black "Bezgodova Svetlana (RUS)"]
[Result "0-1"]
[BlackElo "2184"]
[WhiteElo "2112"]
[LiveChessVersion "1.4.8"]

1. Nf3 {[%clk 0:03:03]} Nf6 {[%clk 0:03:03]} 2. g3 {[%clk 0:03:03]} d6
{[%clk 0:03:04]} 3. b3 {[%clk 0:03:03]} Nbd7 {[%clk 0:03:04]} 4. Bb2
{[%clk 0:03:04]} e5 {[%clk 0:03:05]} 5. Bg2 {[%clk 0:02:57]} c6 {[%clk 0:03:06]}
6. e3 {[%clk 0:02:45]} Be7 {[%clk 0:03:06]} 7. d4 {[%clk 0:02:45]} e4
{[%clk 0:03:06]} 8. Nfd2 {[%clk 0:02:47]} d5 {[%clk 0:03:07]} 9. c4
{[%clk 0:02:45]} O-O {[%clk 0:03:06]} 10. Nc3 {[%clk 0:02:44]} Nb6
{[%clk 0:03:06]} 11. O-O {[%clk 0:02:04]} Be6 {[%clk 0:03:06]} 12. Qe2
{[%clk 0:01:54]} Qd7 {[%clk 0:02:58]} 13. c5 {[%clk 0:01:41]} Nc8
{[%clk 0:02:58]} 14. f3 {[%clk 0:01:42]} exf3 {[%clk 0:02:58]} 15. Bxf3
{[%clk 0:01:43]} Re8 {[%clk 0:02:54]} 16. e4 {[%clk 0:01:38]} dxe4
{[%clk 0:02:54]} 17. Ndxe4 {[%clk 0:01:32]} Nxe4 {[%clk 0:02:00]} 18. Nxe4
{[%clk 0:01:26]} Bf8 {[%clk 0:01:51]} 19. Qc2 {[%clk 0:00:57]} h6
{[%clk 0:01:48]} 20. Bg2 {[%clk 0:00:56]} a5 {[%clk 0:01:45]} 21. Rae1
{[%clk 0:00:54]} a4 {[%clk 0:01:36]} 22. Rf2 {[%clk 0:00:27]} axb3 23. axb3
{[%clk 0:00:28]} f5 {[%clk 0:01:21]} 24. Nd2 {[%clk 0:00:18]} Ne7
{[%clk 0:01:14]} 25. Nc4 {[%clk 0:00:17]} Nd5 {[%clk 0:01:11]} 26. Ne5
{[%clk 0:00:13]} Qc7 {[%clk 0:01:12]} 27. Rfe2 {[%clk 0:00:10]} Ra2
{[%clk 0:00:47]} 28. Qc1 {[%clk 0:00:05]} Nb4 {[%clk 0:00:44]} 29. Bc3
{[%clk 0:00:06]} Rxe2 {[%clk 0:00:43]} 30. Rxe2 {[%clk 0:00:07]} Nd5
{[%clk 0:00:44]} 31. Bb2 {[%clk 0:00:06]} Qa5 {[%clk 0:00:44]} 32. Nc4
{[%clk 0:00:05]} Qb4 {[%clk 0:00:41]} 33. Qe1 {[%clk 0:00:05]} Qxe1+
{[%clk 0:00:41]} 34. Rxe1 {[%clk 0:00:07]} Nb4 {[%clk 0:00:39]} 35. Bf1
{[%clk 0:00:06]} Kf7 {[%clk 0:00:38]} 36. Kf2 {[%clk 0:00:07]} Bd5
{[%clk 0:00:37]} 37. Ne3 {[%clk 0:00:05]} g6 {[%clk 0:00:36]} 38. Nxd5
{[%clk 0:00:06]} Nxd5 {[%clk 0:00:37]} 39. Rxe8 {[%clk 0:00:06]} Kxe8
{[%clk 0:00:38]} 40. Bc4 {[%clk 0:00:06]} Nf6 {[%clk 0:00:38]} 41. Bc1
{[%clk 0:00:06]} Bg7 {[%clk 0:00:36]} 42. Bf4 {[%clk 0:00:06]} Ne4+
{[%clk 0:00:36]} 43. Ke3 {[%clk 0:00:07]} g5 {[%clk 0:00:35]} 44. Bc7
{[%clk 0:00:07]} Kd7 {[%clk 0:00:37]} 45. Bb8 {[%clk 0:00:08]} Nf6
{[%clk 0:00:35]} 46. Be5 {[%clk 0:00:05]} Ng4+ {[%clk 0:00:36]} 47. Kf3
{[%clk 0:00:03]} Bxe5 {[%clk 0:00:36]} 48. dxe5 {[%clk 0:00:04]} Nxe5+
{[%clk 0:00:37]} 49. Ke3 {[%clk 0:00:05]} Nxc4+ {[%clk 0:00:37]} 50. Ke4 Ke8+ 51.
Kd4 0-1

[Event "Blitz 2018"]
[Site "Saint-Petersburg"]
[Date "2018.12.29"]
[Round "7"]
[Board "13"]
[White "Mirzoeva Elmira (RUS)"]
[Black "Galliamova Alisa (RUS)"]
[Result "0-1"]
[BlackElo "2417"]
[WhiteElo "2295"]
[LiveChessVersion "1.4.8"]

1. Nf3 {[%clk 0:03:02]} d5 {[%clk 0:03:03]} 2. e3 {[%clk 0:03:02]} Nf6
{[%clk 0:03:03]} 3. c4 {[%clk 0:03:02]} e6 {[%clk 0:02:58]} 4. b3
{[%clk 0:03:01]} Be7 {[%clk 0:02:53]} 5. Bb2 {[%clk 0:03:01]} O-O
{[%clk 0:02:53]} 6. g3 {[%clk 0:02:51]} c5 {[%clk 0:02:48]} 7. Bg2
{[%clk 0:02:51]} Nc6 {[%clk 0:02:47]} 8. O-O {[%clk 0:02:18]} dxc4
{[%clk 0:02:38]} 9. bxc4 {[%clk 0:02:19]} Qc7 {[%clk 0:02:38]} 10. Nc3
{[%clk 0:02:13]} Rd8 {[%clk 0:02:29]} 11. Nb5 {[%clk 0:02:04]} Qb6
{[%clk 0:02:19]} 12. Rb1 {[%clk 0:01:30]} a6 {[%clk 0:02:17]} 13. Nc3
{[%clk 0:00:56]} Qc7 {[%clk 0:02:15]} 14. Qe2 {[%clk 0:00:53]} e5
{[%clk 0:02:11]} 15. d3 {[%clk 0:00:47]} Bg4 {[%clk 0:01:56]} 16. Rfd1
{[%clk 0:00:27]} Bh5 {[%clk 0:01:50]} 17. Rd2 {[%clk 0:00:21]} Rd7
{[%clk 0:01:45]} 18. Qf1 {[%clk 0:00:13]} Rad8 {[%clk 0:01:44]} 19. Ne1
{[%clk 0:00:09]} h6 {[%clk 0:01:32]} 20. a3 {[%clk 0:00:09]} Bg6 {[%clk 0:01:21]}
21. Nd5 {[%clk 0:00:10]} Nxd5 {[%clk 0:01:20]} 22. Bxd5 {[%clk 0:00:10]} Rxd5
{[%clk 0:01:16]} 23. cxd5 Rxd5 {[%clk 0:01:18]} 24. Rc1 {[%clk 0:00:05]} Qd7
{[%clk 0:01:14]} 25. e4 {[%clk 0:00:05]} Rd6 {[%clk 0:01:11]} 26. Qe2
{[%clk 0:00:05]} b6 {[%clk 0:01:09]} 27. Nf3 {[%clk 0:00:05]} Bh5
{[%clk 0:01:10]} 28. Qe3 {[%clk 0:00:05]} Qe6 {[%clk 0:01:07]} 29. Bc3
{[%clk 0:00:05]} Nd4 {[%clk 0:01:07]} 30. Bxd4 {[%clk 0:00:05]} exd4
{[%clk 0:00:55]} 31. Qf4 {[%clk 0:00:03]} Bxf3 {[%clk 0:00:53]} 32. Qxf3
{[%clk 0:00:05]} Bg5 {[%clk 0:00:54]} 33. Rdc2 {[%clk 0:00:06]} Bxc1
{[%clk 0:00:54]} 34. Rxc1 {[%clk 0:00:07]} g6 {[%clk 0:00:46]} 35. Rb1
{[%clk 0:00:08]} Kg7 {[%clk 0:00:47]} 36. Rb2 {[%clk 0:00:09]} b5
{[%clk 0:00:48]} 37. Qf4 {[%clk 0:00:08]} c4 {[%clk 0:00:47]} 38. Kg2
{[%clk 0:00:06]} c3 {[%clk 0:00:48]} 39. Rc2 {[%clk 0:00:05]} a5 {[%clk 0:00:49]}
40. e5 {[%clk 0:00:05]} Rd5 {[%clk 0:00:47]} 41. Re2 {[%clk 0:00:06]} b4
{[%clk 0:00:48]} 42. axb4 {[%clk 0:00:07]} axb4 {[%clk 0:00:49]} 43. Re4
{[%clk 0:00:06]} c2 {[%clk 0:00:47]} 44. Qc1 {[%clk 0:00:06]} b3 {[%clk 0:00:48]}
45. Qb2 {[%clk 0:00:07]} Qc6 {[%clk 0:00:42]} 46. Re1 {[%clk 0:00:07]} Rxe5+
{[%clk 0:00:40]} 47. Qxd4 {[%clk 0:00:08]} Rd5 {[%clk 0:01:37]} 48. Qb2+
{[%clk 0:00:08]} Re5+ {[%clk 0:01:37]} 49. f3 {[%clk 0:00:08]} Rxe1 50. Qd4+
{[%clk 0:00:09]} Qf6 {[%clk 0:01:36]} 51. Qc5 {[%clk 0:00:09]} c1=Q
{[%clk 0:01:34]} 0-1

[Event "Blitz 2018"]
[Site "Saint-Petersburg"]
[Date "2018.12.29"]
[Round "7"]
[Board "30"]
[White "Strutinskaia Galina (RUS)"]
[Black "Nebolsina Vera (RUS)"]
[Result "0-1"]
[BlackElo "2144"]
[WhiteElo "2346"]
[LiveChessVersion "1.4.8"]

1. d4 {[%clk 0:03:03]} Nf6 {[%clk 0:03:03]} 2. c4 {[%clk 0:03:04]} g6
{[%clk 0:03:04]} 3. Nc3 {[%clk 0:03:05]} d5 {[%clk 0:03:05]} 4. Bg5
{[%clk 0:03:04]} Ne4 {[%clk 0:02:55]} 5. Bh4 {[%clk 0:03:03]} Nxc3
{[%clk 0:02:53]} 6. bxc3 {[%clk 0:03:04]} dxc4 {[%clk 0:02:47]} 7. e3
{[%clk 0:03:04]} Be6 {[%clk 0:02:40]} 8. Nf3 {[%clk 0:03:01]} Bg7
{[%clk 0:02:39]} 9. Rb1 {[%clk 0:02:55]} Bd5 {[%clk 0:02:34]} 10. Nd2
{[%clk 0:02:53]} c5 {[%clk 0:02:23]} 11. e4 Bc6 {[%clk 0:02:14]} 12. d5
{[%clk 0:02:37]} Bd7 {[%clk 0:02:12]} 13. Qc2 {[%clk 0:02:38]} b5
{[%clk 0:02:09]} 14. f4 {[%clk 0:02:28]} O-O {[%clk 0:02:05]} 15. Bf2
{[%clk 0:02:29]} Na6 {[%clk 0:02:01]} 16. a4 {[%clk 0:02:18]} b4 {[%clk 0:01:51]}
17. Bxc4 {[%clk 0:02:17]} bxc3 {[%clk 0:01:50]} 18. Bxa6 {[%clk 0:02:09]} Qa5
{[%clk 0:01:48]} 19. Bb5 {[%clk 0:01:56]} cxd2+ 20. Ke2 Bg4+ {[%clk 0:01:46]} 21.
Kd3 {[%clk 0:01:56]} e6 {[%clk 0:01:32]} 22. h3 {[%clk 0:01:41]} d1=Q+
{[%clk 0:01:32]} 23. Rhxd1 {[%clk 0:01:40]} Bxd1 {[%clk 0:01:33]} 24. Rxd1
{[%clk 0:01:41]} exd5 {[%clk 0:01:34]} 25. e5 {[%clk 0:01:42]} a6
{[%clk 0:01:30]} 26. Bc6 {[%clk 0:01:23]} c4+ {[%clk 0:01:28]} 27. Ke2
{[%clk 0:01:22]} Rad8 {[%clk 0:01:26]} 28. Bh4 {[%clk 0:01:13]} f6
{[%clk 0:01:25]} 29. e6 {[%clk 0:01:01]} Rd6 {[%clk 0:01:12]} 30. e7
{[%clk 0:00:58]} Re6+ {[%clk 0:01:13]} 31. Kf1 {[%clk 0:00:58]} Rxe7
{[%clk 0:01:13]} 32. Bxd5+ {[%clk 0:00:59]} Kh8 {[%clk 0:01:13]} 33. Bxc4
{[%clk 0:00:51]} Rc8 {[%clk 0:01:13]} 34. Qd3 {[%clk 0:00:51]} Qc7
{[%clk 0:01:07]} 35. Bxa6 {[%clk 0:00:49]} Qxf4+ {[%clk 0:01:08]} 36. Bf2
{[%clk 0:00:50]} Rce8 {[%clk 0:00:57]} 37. Bb5 {[%clk 0:00:48]} Rb8
{[%clk 0:00:37]} 38. g3 {[%clk 0:00:49]} Qb4 {[%clk 0:00:31]} 39. Rb1
{[%clk 0:00:48]} Qa5 {[%clk 0:00:28]} 40. Bc5 {[%clk 0:00:45]} Rd8
{[%clk 0:00:19]} 41. Qf3 {[%clk 0:00:39]} Re5 {[%clk 0:00:17]} 42. Bb4
{[%clk 0:00:34]} Qa7 {[%clk 0:00:18]} 43. Be2 {[%clk 0:00:29]} f5
{[%clk 0:00:15]} 44. Bc3 {[%clk 0:00:28]} Re7 {[%clk 0:00:13]} 45. a5
{[%clk 0:00:28]} Rde8 {[%clk 0:00:08]} 46. Bxg7+ {[%clk 0:00:25]} Kxg7
{[%clk 0:00:08]} 47. Qc3+ {[%clk 0:00:25]} Kh6 {[%clk 0:00:09]} 48. Qd2+
{[%clk 0:00:26]} Qe3 {[%clk 0:00:09]} 49. Qxe3+ {[%clk 0:00:23]} Rxe3
{[%clk 0:00:10]} 50. Rb2 {[%clk 0:00:24]} Rxg3 {[%clk 0:00:10]} 51. Ra2
{[%clk 0:00:23]} Re7 {[%clk 0:00:09]} 52. a6 {[%clk 0:00:24]} Ra7
{[%clk 0:00:11]} 53. Bb5 {[%clk 0:00:22]} Rxh3 {[%clk 0:00:11]} 54. Bc6
{[%clk 0:00:23]} Rb3 {[%clk 0:00:08]} 55. Rh2+ {[%clk 0:00:23]} Kg7
{[%clk 0:00:09]} 56. Bb7 {[%clk 0:00:18]} Raxb7 {[%clk 0:00:10]} 57. axb7
{[%clk 0:00:19]} Rxb7 {[%clk 0:00:11]} 58. Rc2 {[%clk 0:00:20]} h5
{[%clk 0:00:11]} 59. Kg2 {[%clk 0:00:22]} Kf6 {[%clk 0:00:13]} 60. Rc6+
{[%clk 0:00:23]} Kg5 {[%clk 0:00:14]} 61. Ra6 {[%clk 0:00:25]} Rb3
{[%clk 0:00:15]} 62. Kf2 {[%clk 0:00:26]} h4 {[%clk 0:00:15]} 63. Kg2
{[%clk 0:00:27]} Kh5 {[%clk 0:00:16]} 64. Ra8 {[%clk 0:00:28]} g5
{[%clk 0:00:17]} 65. Rh8+ {[%clk 0:00:29]} Kg4 {[%clk 0:00:19]} 66. Kf2
{[%clk 0:00:30]} f4 {[%clk 0:00:20]} 67. Rh7 {[%clk 0:00:31]} Rb2+
{[%clk 0:00:21]} 68. Kg1 {[%clk 0:00:32]} Kg3 {[%clk 0:00:22]} 69. Kf1
{[%clk 0:00:34]} g4 {[%clk 0:00:23]} 70. Rc7 {[%clk 0:00:34]} h3 {[%clk 0:00:24]}
71. Rc1 {[%clk 0:00:34]} f3 {[%clk 0:00:25]} 72. Kg1 {[%clk 0:00:35]} h2+
{[%clk 0:00:26]} 73. Kh1 {[%clk 0:00:36]} f2 {[%clk 0:00:22]} 74. Rc3+
{[%clk 0:00:34]} Kh4 {[%clk 0:00:21]} 75. Rc1 {[%clk 0:00:32]} g3
{[%clk 0:00:18]} 76. Rc4+ {[%clk 0:00:33]} Kg5 {[%clk 0:00:17]} 77. Rc5+
{[%clk 0:00:30]} Kf4 {[%clk 0:00:17]} 78. Rc4+ {[%clk 0:00:31]} 0-1

[Event "Blitz 2018"]
[Site "Saint-Petersburg"]
[Date "2018.12.29"]
[Round "7"]
[Board "37"]
[White "Afonasieva Anna (RUS)"]
[Black "Lelekova Olga (RUS)"]
[Result "0-1"]
[BlackElo "2261"]
[WhiteElo "1954"]
[LiveChessVersion "1.4.8"]

1. d4 {[%clk 0:03:03]} Nf6 {[%clk 0:03:03]} 2. Nf3 {[%clk 0:03:04]} g6
{[%clk 0:03:05]} 3. c4 {[%clk 0:03:05]} Bg7 {[%clk 0:03:06]} 4. g3
{[%clk 0:03:06]} O-O {[%clk 0:03:06]} 5. Bg2 {[%clk 0:03:08]} d6 {[%clk 0:03:08]}
6. O-O {[%clk 0:03:08]} Nc6 {[%clk 0:03:03]} 7. d5 {[%clk 0:03:05]} Na5
{[%clk 0:03:03]} 8. Nfd2 {[%clk 0:03:06]} c5 {[%clk 0:03:03]} 9. Nc3
{[%clk 0:03:03]} a6 {[%clk 0:02:53]} 10. Qc2 {[%clk 0:02:59]} Rb8
{[%clk 0:02:51]} 11. b3 {[%clk 0:02:59]} b5 {[%clk 0:02:45]} 12. Bb2
{[%clk 0:02:56]} bxc4 {[%clk 0:02:45]} 13. bxc4 {[%clk 0:02:57]} Bh6
{[%clk 0:02:35]} 14. Nd1 {[%clk 0:02:10]} Bf5 {[%clk 0:02:28]} 15. e4
{[%clk 0:02:07]} Bd7 {[%clk 0:02:11]} 16. f4 {[%clk 0:02:02]} e5 {[%clk 0:01:58]}
17. fxe5 {[%clk 0:01:50]} Ng4 {[%clk 0:01:53]} 18. Nf3 {[%clk 0:01:16]} Rxb2
{[%clk 0:01:31]} 19. Qxb2 {[%clk 0:01:09]} Nxc4 {[%clk 0:01:32]} 20. Qe2
{[%clk 0:01:06]} Bb5 {[%clk 0:01:04]} 21. a4 {[%clk 0:01:06]} Nce3
{[%clk 0:00:31]} 22. axb5 {[%clk 0:01:06]} Nxf1 {[%clk 0:00:32]} 23. Qxf1
{[%clk 0:01:05]} axb5 {[%clk 0:00:33]} 24. Qxb5 {[%clk 0:00:57]} Qe7
{[%clk 0:00:25]} 25. h3 {[%clk 0:00:34]} Nxe5 {[%clk 0:00:26]} 26. Nf2
{[%clk 0:00:31]} Be3 {[%clk 0:00:22]} 27. Qe2 {[%clk 0:00:29]} Nxf3+
{[%clk 0:00:22]} 28. Bxf3 {[%clk 0:00:29]} Bd4 {[%clk 0:00:24]} 29. Rd1
{[%clk 0:00:24]} Rb8 {[%clk 0:00:24]} 30. Kg2 {[%clk 0:00:22]} Qg5
{[%clk 0:00:25]} 31. Nd3 {[%clk 0:00:18]} h5 {[%clk 0:00:24]} 32. h4
{[%clk 0:00:19]} Qf6 {[%clk 0:00:23]} 33. Rd2 {[%clk 0:00:15]} Bc3
{[%clk 0:00:23]} 34. Rc2 {[%clk 0:00:17]} Bd4 {[%clk 0:00:21]} 35. Nf4
{[%clk 0:00:17]} Rb1 {[%clk 0:00:19]} 36. Ra2 {[%clk 0:00:15]} Be5
{[%clk 0:00:20]} 37. Nd3 {[%clk 0:00:16]} Bd4 {[%clk 0:00:21]} 38. Ne1
{[%clk 0:00:13]} Bc3 {[%clk 0:00:20]} 39. Nc2 {[%clk 0:00:11]} Be5
{[%clk 0:00:19]} 40. Ne3 {[%clk 0:00:11]} Bd4 {[%clk 0:00:20]} 41. Qc2
{[%clk 0:00:11]} Re1 {[%clk 0:00:19]} 42. Nf1 {[%clk 0:00:11]} Kh7
{[%clk 0:00:18]} 43. Nd2 {[%clk 0:00:11]} Rg1+ {[%clk 0:00:16]} 44. Kh2
{[%clk 0:00:12]} Qe5 {[%clk 0:00:18]} 45. Nf1 {[%clk 0:00:09]} Rxf1
{[%clk 0:00:19]} 46. Qg2 {[%clk 0:00:08]} Bg1+ {[%clk 0:00:16]} 47. Kh3
{[%clk 0:00:07]} Rb1 {[%clk 0:00:16]} 48. Rd2 {[%clk 0:00:05]} Bd4
{[%clk 0:00:16]} 49. Rd1 {[%clk 0:00:05]} Rb2 {[%clk 0:00:17]} 50. Rd2
{[%clk 0:00:07]} Rb1 51. Rb2 {[%clk 0:00:10]} Rxb2 {[%clk 0:00:18]} 52. Qd2
{[%clk 0:00:11]} c4 {[%clk 0:00:21]} 53. Qc2 {[%clk 0:00:09]} c3 {[%clk 0:00:22]}
54. Qd3 {[%clk 0:00:10]} Bf2 {[%clk 0:00:22]} 55. Bd1 {[%clk 0:00:10]} Qd4
{[%clk 0:00:23]} 56. Qxd4 {[%clk 0:00:08]} 0-1

[Event "Blitz 2018"]
[Site "Saint-Petersburg"]
[Date "2018.12.29"]
[Round "7"]
[Board "54"]
[White "Molchanova Tatjana (RUS)"]
[Black "Tomashevskaya Lidia (RUS)"]
[Result "1/2-1/2"]
[BlackElo "1958"]
[WhiteElo "2135"]
[LiveChessVersion "1.4.8"]

1. e4 {[%clk 0:03:03]} e5 {[%clk 0:03:03]} 2. Nc3 {[%clk 0:03:03]} Nc6
{[%clk 0:03:03]} 3. g3 {[%clk 0:03:05]} Bc5 {[%clk 0:02:59]} 4. Bg2
{[%clk 0:03:05]} a6 {[%clk 0:02:58]} 5. Nge2 {[%clk 0:03:06]} d6 {[%clk 0:02:59]}
6. O-O {[%clk 0:03:06]} Be6 {[%clk 0:02:58]} 7. d3 {[%clk 0:03:04]} Qd7
{[%clk 0:02:58]} 8. Be3 {[%clk 0:03:03]} O-O-O {[%clk 0:02:34]} 9. Bxc5
{[%clk 0:03:03]} dxc5 {[%clk 0:02:35]} 10. a3 {[%clk 0:02:57]} Nge7
{[%clk 0:02:34]} 11. Na4 {[%clk 0:02:55]} Qd6 {[%clk 0:02:24]} 12. Nc1
{[%clk 0:02:42]} c4 13. d4 cxd3 {[%clk 0:02:09]} 14. Nxd3 {[%clk 0:02:41]} Nd4
{[%clk 0:02:08]} 1/2-1/2